000 00995nac a22002891i 4500
003 EG-ScBUE
005 20260120093407.0
008 260120s2000 enka g b 001 0 eng d
020 _a052166313X (cased)
020 _a9780521663922
040 _aEG-ScBUE
_beng
_erda
_cEG-ScBUE
_dEG-ScBUE
082 0 4 _a551.11
_bPOI
_222
100 1 _aPoirier, Jean-Paul,
_eauthor.
245 _aIntroduction to the physics of the earth’s interior /
_cJean-Paul Poirier, Institut de Physique du Globe de Paris
264 1 _aCambridge :
_bCambridge University Press,
_c2000.
300 _axiii, 312 pages :
_billustrations ;
_c24 cm
336 _2rdacontent
_atext
_btxt
337 _aunmediated
_2rdamedia
_bn
338 _avolume
_bnc
_2rdacarrier
500 _aPrevious ed.: 1991.
504 _aIncludes bibliographical references and index.
650 7 _aGeophysics.
_2BUEsh
650 7 _aEarth
_xCore.
_2BUEsh
650 7 _aEarth
_xMantle.
_2BUEsh
655 _vReading book
942 _cBB
_2ddc
999 _c6457
_d6457